000
00311nam a22001457a 4500
008
221006b ||||| |||| 00| 0 eng d
020
_a
0883940000
041
_a
eng
080
_a
572
082
_a
572 MCL
100
_a
44.1
101
_a
ANTRO
245
_a
TOUCH THE EARTH
_c
MCLUHAN T.C
942
_2
udc
_c
BK
999
_c
58379
_d
58379